Understanding IT in construction (Record no. 100441)

MARC details
000 -LEADER
fixed length control field 00943cad a22002175 4500
008 - FIXED-LENGTH DATA ELEMENTS--GENERAL INFORMATION
fixed length control field 000000s2004 xxk f 001 0 eng u
020 ## - INTERNATIONAL STANDARD BOOK NUMBER
International Standard Book Number 0415231906
-- 9780203645239
035 ## - SYSTEM CONTROL NUMBER
System control number (Sirsi) u105605
041 ## - LANGUAGE CODE
Language code of text/sound track or separate title eng
050 ## - LIBRARY OF CONGRESS CALL NUMBER
Classification number 690.0285
-- 18
100 ## - MAIN ENTRY--PERSONAL NAME
Personal name Sun, Ming
245 ## - TITLE STATEMENT
Title Understanding IT in construction
260 ## - PUBLICATION, DISTRIBUTION, ETC.
Place of publication, distribution, etc. London
Name of publisher, distributor, etc. Spon
Date of publication, distribution, etc. 2004
300 ## - PHYSICAL DESCRIPTION
Extent xvii, 187p.
Dimensions 24cm
350 ## - PRICE (NR) (BK AM CF MU VM SE) [OBSOLETE]
Price 17.99
520 ## - SUMMARY, ETC.
Summary, etc. Provides an overview of a broad range of IT applications currently available for all stages throughout the life cycle of a building project from essential office and information management through to Computer-Aided Design (CAD), cost estimating, project planning and scheduling, facilities management and building maintenance. Includes case studies and is suitable for both construction professionals and students.
651 #4 - SUBJECT ADDED ENTRY--GEOGRAPHIC NAME
Geographic name United Kingdom
Chronological subdivision
690 ## - LOCAL SUBJECT ADDED ENTRY--TOPICAL TERM (OCLC, RLIN)
Topical term or geographic name as entry element BUILT ENVIRONMENT
700 1# - ADDED ENTRY--PERSONAL NAME
Personal name Howard, Rob
942 ## - ADDED ENTRY ELEMENTS (KOHA)
Suppress in OPAC 0
Holdings
Withdrawn status Lost status Source of classification or shelving scheme Damaged status Not for loan Home library Current library Shelving location Date acquired Total Checkouts Full call number Barcode Date last seen Date last checked out Copy number Price effective from Koha item type
    Dewey Decimal Classification     London London Books 24/04/2007 1 690.0285 SUN 30073803 06/08/2019 05/12/2008 2 06/08/2019 Book